Shahin Novrasli Quartet

Corporate Author: Shahin Novrasli Quartet
Other Authors: Növrəsli, Şahin, 1977-, Wasserberger, Igor, 1937-
Language: No linguistic content
Published: Praha : Multisonic, p2012
Series: Jazz na Hradě
Physical Description: 1 zvuková deska (70:46) : digital ; 12 cm
Audio
Saved in:
LEADER 01716njm a2200433 a 4500
001 001298175
003 CZ BrMZK
005 20130619120529.0
007 sd fsngnnmmned
008 130603s2012 xr jznng efh n zxx d
015 |a cnb002457742 
024 1 |a 741941084420 
028 0 1 |a 310844-2531  |b Multisonic 
028 0 3 |a 310844-2  |b Multisonic 
040 |a BOA001  |b cze 
041 0 |g cze  |g eng 
072 7 |a 785  |x Instrumentální hudba. Symfonická hudba. Hudba pro více nástrojů  |2 Konspekt  |9 9 
080 |a 78.036.9  |2 MRF 
080 |a (086.76)  |2 MRF 
110 2 |a Shahin Novrasli Quartet  |7 olak2013758733 
245 1 0 |a Shahin Novrasli Quartet  |h [zvukový záznam] 
260 |a Praha :  |b Multisonic,  |c p2012 
300 |a 1 zvuková deska (70:46) :  |b digital ;  |c 12 cm 
306 |a 011046 
490 1 |a Jazz na Hradě =  |a Jazz at Prague Castle ;  |v 2012 
500 |a Hudba Shahin Novrasli a další ; sleeve note Igor Wasserberger 
500 |a Kompaktní deska 
505 0 0 |g Úvod - prezident Václav Klaus --  |t Expecting aziza --  |t She is out of my life --  |t Fantasy --  |t Autumn of love --  |t Segah-bayati-shiraz --  |t Baga girdim uzume 
511 1 |a Shahin Novrasli Quartet 
518 |a Záznam koncertu pořádaného Správou Pražského hradu 30. května 2012 v Nové galerii 
650 0 7 |a jazz  |7 ph121330  |2 czenas 
655 7 |a kompaktní desky  |7 fd201991  |2 czenas 
700 1 |a Növrəsli, Şahin,  |d 1977-  |7 ola2013758726  |4 cmp  |4 itr 
700 1 |a Wasserberger, Igor,  |d 1937-  |7 jk01151429  |4 wam 
830 0 |a Jazz na Hradě  |0 s 
910 |a BOA001  |b CDR-1305.740 
990 |a AV 
991 |b 201306 
996 6 |b 2610552489  |c CDR-1305.740  |l MZK  |r Sklad / do 24 hodin  |n 0  |p p.v.  |w 001334657  |u 000010  |a 1  |e BOA001  |j MZK50  |s P